| 000 | 02117nam0a2200385 4500 | ||
|---|---|---|---|
| 001 | RU\NLR\bibl\1983927 | ||
| 005 | 20250616211219.0 | ||
| 010 |
_a978-5-370-02552-5 _9490 |
||
| 035 | _a(NLR Aleph) 001972576 | ||
| 090 |
_a3976325 _c3976325 |
||
| 100 | _a20121228d2012 |||y0rusy50 ca | ||
| 101 | 0 | _arus | |
| 102 | _aRU | ||
| 105 | _ay zzzz||||| | ||
| 200 | 1 |
_aУпрощенная система налогообложения _bЭлектронный ресурс _e[понятие и общие положения, новые условия перехода на УСН, прекращение применения УСН, объект налогообложения, учет в УСН] _eпрактическое руководство _fД. С. Кочергов, Е. Е. Устинова |
|
| 205 | _a8-е изд., стер. | ||
| 210 |
_aМосква _cОмега-Л _d2012 |
||
| 215 |
_a115 с. _d20 |
||
| 225 | 1 | _aПрактическая бухгалтерия | |
| 300 | _aОписано по электронной копии из Национального библиотечного ресурса | ||
| 325 | _aКопия доступна в Электрон. б-ке РНБ http://vivaldi.nlr.ru/bx000034181/view | ||
| 606 | 1 |
_aНалоговое обложение упрощенное _jПрактические пособия _yРоссийская Федерация _92427953 _3RU\NLR\auth\661445390 |
|
| 686 | _aУ26(2)141.3я7 | ||
| 700 | 1 |
_aКочергов _bД. С. _gДмитрий Сергеевич _4070 |
|
| 701 | 1 |
_aУстинова _bЕ. Е. _gЕлена Евгеньевна _4070 |
|
| 801 | 0 |
_aRU _bNLR _c20121228 _gRCR |
|
| 801 | 1 |
_aRU _bNLR _c20121228 |
|
| 852 |
_aNLR _bЭБ |
||
| 942 | _cBOOK | ||
| 980 | _aNB | ||
| 981 | 1 | 3 |
_a(13) Документы, защищенные авторским правом _b(13) Современная научная, научно-популярная и популярная литература |